000
00298nam a22001337a 4500
008
170401b xxu||||| |||| 00| 0 eng d
020
_a
9780321559579
041
_a
eng
080
_2
7TH
_a
617
100
_a
8
101
_a
SHM
245
_a
ELEMENTS OF ECOLOGY
_c
SMITH, TH.M
942
_2
udc
_c
BK
999
_c
9392
_d
9392